Aneka contoh kertas kerja pengurusan

Bibliographic Details
Main Author: Shahrul N.R.& Amin Hazyq
Other Authors: Amin Hazyq
Format: Book
Published: Selangor : Penerbit Al Falah , 2008
Series:Siri karier dan peningkatan diri
Subjects:

MARC

LEADER 00000cam a2200000 7i4500
001 0000028612
005 20100114.0
008 080415
020 |a 9834342586 
090 0 0 |a 651.75   |b SHA 
100 0 |a Shahrul N.R.& Amin Hazyq 
245 0 0 |a Aneka contoh kertas kerja pengurusan   |c Shahrul N.R.& Amin Hazyq 
260 |a Selangor :   |b Penerbit Al Falah ,   |c 2008 
440 |a Siri karier dan peningkatan diri 
650 0 |a Business writing 
650 0 |a Commercial correspondence 
650 0 |a Proposal writing in business 
700 1 |a Amin Hazyq 
999 |a 0001059868   |b Book   |c Adult Collection   |e Perbadanan Perpustakaan Awam Johor 
999 |a 0001059869   |b Book   |c Adult Collection   |e Perbadanan Perpustakaan Awam Johor 
999 |a 0001059871   |b Book   |c Adult Collection   |e Perbadanan Perpustakaan Awam Johor